00339cam a22000857a 4500008004000000082002200040245012000062260006200182300000900244180718b1958 xxu||||| |||| 00| 0 eng d aT000x54 1956-61/P aSecond Five-Year Plan of the Indian Union, 1956-1961: a pictorial presentationcby Central Statistical Organisation aNew DelhibMinistry of Information and Broadcastingc1958 a58p.